<?xml version="1.0" encoding="UTF-8"?>
<collection xmlns="http://www.loc.gov/MARC21/slim">
    <record>
        <controlfield tag="001">87880</controlfield>
        <controlfield tag="005">20200224103745.0</controlfield>
        <datafield tag="037" ind1=" " ind2=" ">
            <subfield code="a">TAZ-TFM-2019-1256</subfield>
        </datafield>
        <datafield tag="041" ind1=" " ind2=" ">
            <subfield code="a">spa</subfield>
        </datafield>
        <datafield tag="100" ind1="1" ind2=" ">
            <subfield code="a">Revuelta López, Celia</subfield>
        </datafield>
        <datafield tag="242" ind1="0" ind2="0">
            <subfield code="a">The memoirs of Esther Tusquets. Texts and contexts of a Barcelona publisher.</subfield>
        </datafield>
        <datafield tag="245" ind1="0" ind2="0">
            <subfield code="a">Los libros de memorias de Esther Tusquets. Textos y contextos de una editora barcelonesa.</subfield>
        </datafield>
        <datafield tag="260" ind1=" " ind2=" ">
            <subfield code="a">Zaragoza</subfield>
            <subfield code="b">Universidad de Zaragoza</subfield>
            <subfield code="c">2019</subfield>
        </datafield>
        <datafield tag="506" ind1=" " ind2=" ">
            <subfield code="a">by-nc-sa</subfield>
            <subfield code="b">Creative Commons</subfield>
            <subfield code="c">3.0</subfield>
            <subfield code="u">http://creativecommons.org/licenses/by-nc-sa/3.0/</subfield>
        </datafield>
        <datafield tag="520" ind1=" " ind2=" ">
            <subfield code="a">Esther Tusquets (1936 – 2012) fue una editora y escritora tardía, que durante cuarenta años dirigió una de las editoriales más importantes del país, Editorial Lumen. Tanto en su papel como editora como en sus escritos hay una presencia de discurso feminista que ha interesado a críticos y estudiosos, haciendo de su narrativa un sello femenino y plasmando una reivindicación por el papel de una mujer fuerte. Creció en una familia de la burguesía barcelonesa durante el franquismo, y pese a pertenecer al bando de los vencedores, ella siempre se consideró del bando de los vencidos. Perteneciente al grupo de la gauche divine, todo lo relata en sus memorias, Habíamos ganado la guerra (2007), Confesiones de una editora poco mentirosa (2005) y Confesiones de una vieja dama indigna (2009), tres obras creadas en su última etapa como escritora donde plasma sus recuerdos y confesiones sobre su infancia, juventud y madurez durante la España franquista y la Transición. &lt;br />ABSTRACT&lt;br />Esther Tusquets (1936 - 2012) was a publisher and late writer, who for forty years ran one of the most important publishing houses in Spain, Editorial Lumen. Both in her role as editor and in her writings there is a presence of feminist discourse that has interested critics, making her narrative a feminine stamp and embodying a claim for the role of a strong woman. She grew up in a Barcelona bourgeoisie family during the Franco regime, and despite belonging to the side of the victors, she always considered herself to be on the side of the defeated. Belonging to the gauche divine group, she relates everything in her memoirs, Habíamos ganado la guerra (2007), Confesiones de una editora poco mentirosa (2005) y Confesiones de una vieja dama indigna (2009), three works created in her last stage as a writer where she captures her memories and confessions about her childhood, youth and maturity during Franco's Spain and the Transition. &lt;br />&lt;br />&lt;br /></subfield>
        </datafield>
        <datafield tag="521" ind1=" " ind2=" ">
            <subfield code="a">Máster Universitario en Literaturas Hispánicas y Lengua Española: Tradición e Identidades</subfield>
        </datafield>
        <datafield tag="540" ind1=" " ind2=" ">
            <subfield code="a">Derechos regulados por licencia Creative Commons</subfield>
        </datafield>
        <datafield tag="700" ind1=" " ind2=" ">
            <subfield code="a">Naval López, María Ángeles</subfield>
            <subfield code="e">dir.</subfield>
        </datafield>
        <datafield tag="710" ind1="2" ind2=" ">
            <subfield code="a">Universidad de Zaragoza</subfield>
            <subfield code="b">Lingüística General e Hispánica</subfield>
            <subfield code="c"></subfield>
        </datafield>
        <datafield tag="856" ind1="0" ind2=" ">
            <subfield code="f">682798@celes.unizar.es</subfield>
        </datafield>
        <datafield tag="856" ind1="4" ind2=" ">
            <subfield code="s">310085</subfield>
            <subfield code="u">http://zaguan.unizar.es/record/87880/files/TAZ-TFM-2019-1256.pdf</subfield>
            <subfield code="y">Memoria (spa)</subfield>
        </datafield>
        <datafield tag="909" ind1="C" ind2="O">
            <subfield code="o">oai:zaguan.unizar.es:87880</subfield>
            <subfield code="p">driver</subfield>
            <subfield code="p">trabajos-fin-master</subfield>
        </datafield>
        <datafield tag="950" ind1=" " ind2=" ">
            <subfield code="a"></subfield>
        </datafield>
        <datafield tag="951" ind1=" " ind2=" ">
            <subfield code="a">deposita:2020-02-24</subfield>
        </datafield>
        <datafield tag="980" ind1=" " ind2=" ">
            <subfield code="a">TAZ</subfield>
            <subfield code="b">TFM</subfield>
            <subfield code="c">FFYL</subfield>
        </datafield>
        <datafield tag="999" ind1=" " ind2=" ">
            <subfield code="a">20191114224026.CREATION_DATE</subfield>
        </datafield>
    </record>

    
</collection>